000 00753cam a2200277 i 4500
001 18198
003 CO-MdFUSB
005 20220622085135.0
008 220622t1991 sp |||| |||| 00| 0 spa d
020 _a8425410185
040 _bspa.
_aCO-MdFUSB
_cCO-MdFUSB
_dCO-MdFUSBC
_erda
041 _aspa
082 0 4 _a225.03
_bL953c
100 1 _aLuján , José
245 1 0 _aConcordancias del Nuevo Testamento
_cJosé Lujan
264 1 _aBarcelona, España :
_bHerder,
_c[1991]
264 4 _c© 1991
300 _a623 p.
_c;
336 _2rdacontent
_atexto
_btxt
337 _2rdamedia
_asin mediación
_bn
338 _2rdacarrier
_avolumen
_bnc
501 _arústico
630 0 7 _aBiblia.
_pNuevo Testamento
942 _cBK
945 _aestudiante
999 _c44668
_d44668